000 00682nam a2200241Ia 4500
003 OSt
005 20220926013148.0
006 a|||||r|||| 00| 0
007 ta
008 220923b |||||||| |||| 00| 0 eng d
037 _cGeneral Book
040 _aRTL
_cRTL
_beng
041 _2eng
_aeng
082 _aX:9.73.N7, L1
100 _aBrody David Ed.
_9317890
245 0 _aAmerican labor movement
260 _aNew York
_bHarper and Row USA
_c1971
300 _a162p. Bib p 159-62
_ccm.
490 _aInter Pretations of American History
650 _aLabor Economics
942 _hX:9.73.N7, L1
_cGB
_2CC
999 _c625301
_d625301